Times por Escudo - LigaPro 2025 (Equador) - Statistics

Estatísticas Gerais
  • Esse quiz foi jogado 24 vezes
  • A pontuação média é 10 de 16
Estatísticas das Respostas
Imagem Resposta % Correto
Barcelona SC
100%
LDU Quito
100%
Emelec
95%
Independiente Del Valle
90%
Delfin
85%
Aucas
80%
Universidad Católica
75%
Mushuc Runa
70%
El Nacional
65%
Macará
55%
Orense
45%
Deportivo Cuenca
40%
Vinotinto Ecuador
25%
Libertad
15%
Manta
10%
Técnico Universitário
10%
Nenhum quiz correspondente encontrado
Distribuição das Pontuações
Porcentagem de Pessoas com Cada Pontuação
Percentil de Números Respondidos
Sua Pontuação Histórica
Você não jogou esse quiz